South Eastern Kenya University

Library Online Public Access Catalogue


Statistics for engineers and scientists / (Record no. 2611)

MARC details
000 -LEADER
fixed length control field 00715cam a22001814a 4500
020 ## - ISBN
International Standard Book Number 0072551607 (acidfree)
050 00 - LIBRARY OF CONGRESS CALL NUMBER
Classification Number QA276.4
Item Number .N38 2006
100 1# - MAIN ENTRY--Author
Personal name Navidi, William Cyrus.
245 10 - TITLE
Title Statistics for engineers and scientists /
Statement of responsibility, etc William Navidi.
260 ## - PUBLICATION, DISTRIBUTION, ETC.(IMPRINT)
Place of publication, distribution, etc Boston, Mass. [USA] :
Name of publisher, distributor, etc McGraw-Hill,
Date of publication, distribution, etc c2006.
300 ## - PHYSICAL DESCRIPTION
Extent xviii, 869 p. :
500 ## - GENERALNOTE
General note Includes index.
500 ## - GENERALNOTE
General note [with CD-ROM]
650 ## - SUBJECT--TOPIC
Topical term following geographic name as entry element Bootstrap (Statistics) ;
-- Linear models (Statistics) ;
-- Science -- Statistical methods ;
-- Engineering -- Statistical methods
856 42 - URL/ELECTRONIC LOCATION AND ACCESS
Uniform Resource Identifier <a href="http://www.loc.gov/catdir/enhancements/fy0702/2004051329-d.html">http://www.loc.gov/catdir/enhancements/fy0702/2004051329-d.html</a>
856 41 - URL/ELECTRONIC LOCATION AND ACCESS
Uniform Resource Identifier <a href="http://www.loc.gov/catdir/enhancements/fy0702/2004051329-t.html">http://www.loc.gov/catdir/enhancements/fy0702/2004051329-t.html</a>
942 ## - ADDED ENTRY ELEMENTS(KOHA)
Koha item type General circulation
Holdings
Source of classification or shelving scheme Not for loan Location (home branch) Sublocation (holding branch) Date accessioned Cost, normal purchase price Full call number Barcode Copy number Cost, replacement price Nonpublic note Koha item type Public note
Library of Congress Classification   Main Campus Library Main Campus Library 01/09/2014 789.36 QA276.4 .N38 2006 2019/023502 C1 1289.36 Nzk General circulation Nzk
Library of Congress Classification   Main Campus Library Main Campus Library 01/09/2014 789.36 QA276.4 .N38 2006 3190 C2 1289.36 Nzk General circulation Nzk
Library of Congress Classification   Main Campus Library SEKU-BINDERY 01/09/2014 789.36 QA276.4 .N38 2006 3183 C3 1289.36 Nzk General circulation Nzk
Kitui, Kenya.
+254736116989
library@seku.ac.ke